• AIU
  • Tony Wilmot Memorial Library

Laanguage, Bible Translation & Culture / (Record no. 68767)

MARC details
000 -LEADER
fixed length control field 00611nam a22001697a 4500
003 - CONTROL NUMBER IDENTIFIER
control field OSt
005 - DATE AND TIME OF LATEST TRANSACTION
control field 20251204100932.0
008 - FIXED-LENGTH DATA ELEMENTS--GENERAL INFORMATION
fixed length control field 251204b |||||||| |||| 00| 0 eng d
040 ## - CATALOGING SOURCE
Original cataloging agency AIU Library- Kenya
Language of cataloging eng
Transcribing agency AIU Library- Kenya
050 ## - LIBRARY OF CONGRESS CALL NUMBER
Classification number BS 1255
Item number .M64 2023
100 ## - MAIN ENTRY--PERSONAL NAME
Personal name Mojola, Aloo Osotsi/
Relator term author.
9 (RLIN) 11183
245 ## - TITLE STATEMENT
Title Laanguage, Bible Translation & Culture /
Remainder of title Navigating Troubling & Tempestous Waters.
Statement of responsibility, etc by Aloo Osotsi Mojola.
260 ## - PUBLICATION, DISTRIBUTION, ETC. (IMPRINT)
Place of publication, distribution, etc Nairobi, Kenya,
Name of publisher, distributor, etc Bible Society of Kenya;
Date of publication, distribution, etc 2023.
300 ## - PHYSICAL DESCRIPTION
Extent ix , 374 pages;
504 ## - BIBLIOGRAPHY, ETC. NOTE
Bibliography, etc Includes bibliographic references and index.
942 ## - ADDED ENTRY ELEMENTS (KOHA)
Source of classification or shelving scheme Library of Congress Classification
Koha item type Africana collection (General)
Holdings
Withdrawn status Lost status Source of classification or shelving scheme Damaged status Not for loan Collection code Home library Current library Shelving location Date acquired Source of acquisition Cost, normal purchase price Total Checkouts Full call number Barcode Date last seen Copy number Cost, replacement price Price effective from Koha item type
    Library of Congress Classification     General Circulation AIU/NEGST - Tony Wilmot Memorial Library AIU/NEGST - Tony Wilmot Memorial Library General Stacks 11/28/2025 Donation- Prof. Aloo 20.00   BS 1255 .M64 2023 T17540W3232 12/04/2025 1 20.00 12/04/2025 Africana collection (General)